MARC

LEADER 00000nam0a2200000 4500
001 81624
005 20231031095237.0
035 |a (RuTPU)RU\TPU\book\87733 
090 |a 81624 
100 |a 20050922d1979 km y0rusy50 ca 
101 0 |a rus 
102 |a RU 
105 |a a z 001zy 
200 1 |a Конструирование электромагнитьных экранов для радиоэлектронной аппаратуры  |f Н. Б. Полонский 
210 |a Москва  |c Советское радио  |d 1979 
215 |a 216 с.  |c ил. 
225 1 |a Библиотека радиоконструктора 
320 |a Библиогр.: с. 214-216 
610 1 |a радиоэлектронная аппаратура 
610 1 |a экранирование 
610 1 |a экраны электромагнитные 
610 1 |a конструкция 
610 1 |a расчет 
675 |a 621.396.6:621.391.8  |v 3 
700 1 |a Полонский  |b Н. Б.  |g Наум Борисович 
801 1 |a RU  |b 63413507  |c 20050922  |g PSBO 
801 2 |a RU  |b 63413507  |c 20150617  |g PSBO 
942 |c BK